Cricket: Highest Individual Career T20i Batting Average - Statistics

General Stats
  • This quiz has been taken 38 times
    14 since last reset
  • The average score is 11 of 20
Answer Stats
Country Years Runs Average Answer % Correct
PAK 2016-2022* 2719 43.15 Babar Azam
100%
IND 2010-2022* 3584 51.94 Virat Kohli
100%
PAK 2015-2022* 1874 52.05 Mohammad Rizwan
90%
IND 2006-2019 1617 37.60 MS Dhoni
80%
AUS 2011-2022* 2855 35.24 Aaron Finch
70%
SA 2019-2022* 722 42.47 Aiden Markram
60%
NZ 2005-2015 2140 35.66 Brendon McCullum
60%
SA 2012-2020 1528 35.53 Faf du Plessis
60%
ENG 2012-2019 893 35.72 Joe Root
60%
IND 2016-2022* 1963 39.26 KL Rahul
60%
ENG 2017-2022* 1411 39.19 Dawid Malan
50%
SA 2018-2022* 1044 36.00 Rassie van der Dussen
50%
IND 2021-2022* 811 36.86 Suryakumar Yadav
50%
SA 2005-2012 666 35.05 Jacques Kallis
40%
SA 2007-2019 1934 38.68 JP Duminy
40%
PAK 2007-2012 788 37.52 Misbah-ul-Haq
40%
ENG 2005-2013 1176 37.93 Kevin Pietersen
30%
AUS 2005-2012 721 37.94 Michael Hussey
30%
IND 2015-2021 709 44.31 Manish Pandey
20%
NZ 2020-2022* 708 47.20 Devon Conway
10%
No matching quizzes found
Score Distribution
Percent of People with Each Score
Percentile by Number Answered
Your Score History
You have not taken this quiz since the last reset